Statystyki dla Test wyboru - polscy piłkarze - mistrzowie kraju. #2

Kliknij tutaj aby rozwiązać quiz!

Ogólne statystyki

  • Ten quiz został rozwiązany 23 razy
  • Średni wynik to 7 z 10

Statystyki odpowiedzi

ZagadnienieOdpowiedź% Poprawnych
Wisła Kraków 2005; Borussia Dortmund 2011, 2012.Jakub Błaszczykowski
100%
Polonia W-Wa 2000; Panathinaikos 2004.Emmanuel Olisadebe
95%
Łudogorec Razgrad 2018, 2019, 2020; Kajrat Ałmaty 2020.Jacek Góralski
90%
Wisła Kraków 2001, 2003, 2004, 2005; Celtic 2006, 2007; Omonia Nikozja 2010.Maciej Żurawski
90%
Legia W-wa 2013, 2014, 2016, 2017, 2018, 2020; Piast Gliwice 2019.Tomasz Jodłowiec
90%
Wisła Kraków 1978; Górnik Zabrze 1986, 1987, 1988.Andrzej Iwan
67%
Zagłębie Lubin 1991; Besiktas 1992.Jarosław Bako
57%
Górnik Zabrze 1985, 1986, 1987, 1988, 1989; FC Aarau1993.Ryszard Komornicki
57%
Lech Poznań 1992, 1993; Legia W-Wa 1994; Chicago Fire 1998.Jerzy Podbrożny
52%
ŁKS Łódź 1998; Polonia W-Wa 2000.Tomasz Wieszczycki
43%

Rozkład punktacji

Percentyl według liczby udzielonych odpowiedzi

Procent ludzi z każdym wynikiem

Twoja historia wyników

Nie rozwiązałeś tego quizu